000 00462nab a2200145Ia 4500
003 ES-SlBCS
005 20210601125314.0
008 140529s2005 xxu||||| |||| 00| 0 eng d
041 _aeng
100 1 _aO'brien, Lucy F.
_9156505
245 0 0 _aSelf-Knowledge, Agency and Force
_c Lucy F. O'Brien
650 0 4 _aConocimiento de Sí Mismo
_9156394
773 0 _tPhilosophy and Phenomenological Research
_gvol. 71, nº. 3, 2005, págs. 580-601
_wRev1411
942 _cAR
999 _c528156
_d528156